00937 2200361 4500001002100000005001500021035002000036245008100056100001400137250000600151300003500157700000900192260004200201082001100243084001800254020002200272650002600294990001700320990001700337990001700354990001700371990001700388990001700405990001700422990001700439990001700456990001700473990001700490990001700507990001700524990001700541990001700558INLIS00000000000002320180724092626 a0010-07180000231 aAl-Luqah Al-'Arabiyyah :bPintar Berbahasa Arab 2 /cB. Nurani; Editor, Nuni0 aB. Nurani a- aiv, 44 hlm. :bilus. ;c25 cm.0 aNuni aBandung :bPT Sandiarta Sukses,c2009 a492.75 a492.75 NUR a a978-602-8147-76-7 aTata Bahasa Indonesia a00088/P/2018 a00089/P/2018 a00090/P/2018 a00091/P/2018 a00092/P/2018 a00090/P/2018 a00088/P/2018 a00089/P/2018 a00091/P/2018 a00092/P/2018 a00089/P/2018 a00088/P/2018 a00090/P/2018 a00091/P/2018 a00092/P/2018